| 000 | 00614nam a2200217Ia 4500 | ||
|---|---|---|---|
| 003 | GCL | ||
| 008 | 140319s9999 xx 000 0 ara d | ||
| 040 |
_aGCL / _cGCL |
||
| 082 | 0 | 4 |
_aق _b923.1 _bم ا |
| 100 | 1 | _aزكى على | |
| 245 | 1 | 0 |
_aالاسكندر الاكبر قصته وتاريخه / _cزكى على |
| 700 | 1 | _aتارن، و. و | |
| 700 | 1 | _aمحمد سليم سالم | |
| 300 | _a244 ص | ||
| 490 |
_aالالف كتاب _v0 |
||
| 650 | 0 | 4 | _aالتراجم |
| 650 | 0 | 4 | _aالاسكندر الاكبر |
| 650 | 0 | 4 | _aالملوك |
| 650 | 0 | 4 | _aالرجال - تراجم |
| 942 |
_2ddc _cBK |
||
| 999 |
_c49845 _d49845 |
||